|
|
|
|
| LEADER |
00000nam a2200000Ii 4500 |
| 001 |
DIGVIETO230 |
| 003 |
NyNyDIG |
| 007 |
cr ||||||||||| |
| 008 |
211127s2006 sp ob 000 0 spa d |
| 006 |
m o d |
| 035 |
|
|
|a (OCoLC)1287833732
|
| 040 |
|
|
|a DGITA
|b eng
|e rda
|e pn
|c DGITA
|
| 020 |
|
|
|z 9788496356900
|
| 041 |
1 |
|
|a spa
|h ita
|
| 043 |
|
|
|a e-it---
|
| 050 |
1 |
4 |
|a UA11 ebook
|
| 082 |
1 |
4 |
|a 355.0335
|
| 100 |
1 |
|
|a Ingrao, Pietro,
|e author.
|
| 240 |
1 |
0 |
|a Guerra sospesa.
|l Spanish
|s (Santos Amigo)
|
| 245 |
1 |
0 |
|a Sobre la guerra :
|b las nuevas alianzas entre la política y los ejércitos /
|c Pietro Ingrao ; traducción de Mabel T. Santos Amigo.
|
| 264 |
|
1 |
|a [Barcelona, Spain] :
|b El Viejo Topo,
|c [2006]
|
| 300 |
|
|
|a 1 online resource.
|
| 336 |
|
|
|a text
|b txt
|2 rdacontent
|
| 337 |
|
|
|a computer
|b c
|2 rdamedia
|
| 338 |
|
|
|a online resource
|b cr
|2 rdacarrier
|
| 347 |
|
|
|a text file
|2 rdaft
|
| 347 |
|
|
|b PDF
|
| 504 |
|
|
|a Includes bibliographical references.
|
| 588 |
0 |
|
|a Online resource; title from PDF title page (Digitalia, viewed November 27, 2021)
|
| 650 |
|
0 |
|a Military policy.
|
| 650 |
|
0 |
|a International relations.
|
| 651 |
|
0 |
|a Italy
|x Politics and government
|y 1945-
|
| 655 |
|
0 |
|a Electronic books.
|
| 700 |
1 |
|
|a Santos Amigo, Mabel T.,
|e translator.
|
| 700 |
1 |
|
|i Translation of:
|a Ingrao, Pietro.
|t Guerra sospesa.
|
| 791 |
2 |
|
|a Digitalia (Firm),
|e distributor.
|
| 793 |
0 |
|
|g Digitalia eBook Collection:
|a El Viejo Topo
|
| 776 |
0 |
8 |
|i Print version:
|a Ingrao, Pietro.
|s Guerra sospesa. Spanish (Santos Amigo).
|t Sobre la guerra.
|d [Barcelona, Spain] : El Viejo Topo, [2006]
|z 9788496356900
|
| 856 |
4 |
0 |
|3 Digitalia Hispánica
|u https://www.digitaliapublishing.com/a/57870/
|
| 910 |
|
|
|a Premium collection: 2021
|